000 00383nam a2200145Ia 4500
008 090122s9999 xx 000 0 und d
082 _b7421
_a891.463
100 _aकदम
_bबाबा
245 _aतुफान (Cancelled)
600 _aकदम
630 _aतुफान (Cancelled)
700 _aकदम
730 _aतुफान (Cancelled)
942 _cBOOK
999 _c31498
_d31498